|
|
|
|
| LEADER |
00000nlm0a2200000 4500 |
| 001 |
637808 |
| 005 |
20231101133959.0 |
| 029 |
1 |
0 |
|a RU
|b 2112977
|c Пат.
|d МПК G 01 N 33/18
|
| 035 |
|
|
|a (RuTPU)RU\TPU\network\1988
|
| 035 |
|
|
|a RU\TPU\network\1987
|
| 039 |
0 |
|
|a RU
|b 96111278/13
|c 19960604
|
| 090 |
|
|
|a 637808
|
| 100 |
|
|
|a 20141021j19980610k y0rusy50 ca
|
| 101 |
0 |
|
|a rus
|
| 102 |
|
|
|a RU
|
| 105 |
|
|
|a a k 000zy
|
| 135 |
|
|
|a drmn ---uucaa
|
| 181 |
|
0 |
|a i
|
| 182 |
|
0 |
|a b
|
| 200 |
1 |
|
|a Способ определения токсичности химических веществ в водной среде
|f П. С. Чубик, Л. Н. Нечаева, В. И. Брылин
|g Томский политехнический университет (ТПУ)
|
| 203 |
|
|
|a Текст
|c электронный
|
| 300 |
|
|
|a опубл. 10.06.98
|
| 330 |
|
|
|a Изобретение относится к способах контроля химического загрязнения окружающей среды, в частности к способам анализа токсичности водных сред, и может быть использовано при осуществлении природоохранных мероприятий, в том числе для регулирования сброса в окружающую среду поверхностных стоков и сточных вод промышленных предприятий, например буровых растворов; для оценки токсичности вновь синтезированных химических веществ и пр.
|
| 610 |
1 |
|
|a патенты
|
| 610 |
1 |
|
|a труды учёных ТПУ
|
| 610 |
1 |
|
|a электронный ресурс
|
| 610 |
1 |
|
|a изобретения
|
| 610 |
1 |
|
|a токсичность
|
| 610 |
1 |
|
|a химические вещества
|
| 610 |
1 |
|
|a водные среды
|
| 610 |
1 |
|
|a химическое загрязнение
|
| 610 |
1 |
|
|a окружающая среда
|
| 610 |
1 |
|
|a сточные воды
|
| 700 |
|
1 |
|a Чубик
|b П. С.
|c российский геолог
|c профессор, ректор Томского политехнического университета (с 2008 г.)
|f 1954-
|g Петр Савельевич
|2 stltpush
|3 (RuTPU)RU\TPU\pers\24546
|
| 701 |
|
1 |
|a Нечаева
|b Л. Н.
|c российский учёный в области бурения скважин
|c старший преподаватель Томского политехнического университета
|g Лариса Николаевна
|2 stltpush
|3 (RuTPU)RU\TPU\pers\26125
|
| 701 |
|
1 |
|a Брылин
|b В. И.
|c горный инженер
|c доцент Томского политехнического университета, кандидат технических наук
|f 1940-
|g Владимир Иванович
|2 stltpush
|3 (RuTPU)RU\TPU\pers\26274
|
| 712 |
0 |
2 |
|a Томский политехнический университет (ТПУ)
|c (1991-2009)
|2 stltpush
|3 (RuTPU)RU\TPU\col\376
|
| 801 |
|
1 |
|a RU
|b 63413507
|c 20120201
|
| 801 |
|
2 |
|a RU
|b 63413507
|c 20150530
|g RCR
|
| 856 |
4 |
|
|u http://www1.fips.ru/fips_servl/fips_servlet?DB=RUPAT&rn=6404&DocNumber=2112977&TypeFile=html
|
| 942 |
|
|
|c CF
|